[Event "January Lviv Tradition (IM-group)"]
[Site "Lviv"]
[Date "2016.01.25"]
[Round "1.1"]
[White "Kiolbasa, Oliwia"]
[Black "Bondarets, Vadim"]
[Result "1/2-1/2"]
[WhiteElo "2236"]
[BlackElo "2299"]
[PlyCount "113"]
[EventDate "2016.01.25"]

1. e4 d6 2. d4 Nf6 3. Nc3 g6 4. h3 c6 5. Nf3 Qa5 6. Bd3 Bg7 7. O-O O-O 8. Be3
e5 9. dxe5 dxe5 10. Qd2 Rd8 11. Bh6 Nbd7 12. Rfe1 Qc7 13. Qg5 Bxh6 14. Qxh6 Nc5
15. Bf1 Ne6 16. Rad1 Rxd1 17. Nxd1 b5 18. Ne3 Ne8 19. c4 b4 20. c5 f6 21. Bc4
Qg7 22. Qh4 Kh8 23. Rd1 Bd7 24. Bxe6 Bxe6 25. b3 Qf8 26. Ng4 g5 27. Qh5 Bf7 28.
Qh6 Qxh6 29. Nxh6 Be6 30. Nf5 a5 31. Ne7 a4 32. Nxc6 axb3 33. axb3 Bxb3 34. Rb1
Ba4 35. Nxb4 Rb8 36. Nd2 Nc7 37. Nd5 Rxb1+ 38. Nxb1 Ne6 39. Nbc3 Nxc5 40. Nxa4
Nxa4 41. Nxf6 Nc5 42. f3 Kg7 43. Ng4 Nd7 44. Kf2 Kf7 45. Ke3 h5 46. Nf2 h4 47.
Nd3 Ke6 48. Kf2 Kf6 49. g3 hxg3+ 50. Kxg3 Kg6 51. h4 gxh4+ 52. Kxh4 Kh6 53. Kg4
Kg6 54. f4 exf4 55. Kxf4 Kf6 56. e5+ Nxe5 57. Nxe5 $11 1/2-1/2

[Event "January Lviv Tradition (IM-group)"]
[Site "Lviv"]
[Date "2016.01.25"]
[Round "1.2"]
[White "Szostko, Jakub"]
[Black "Vasina, Olena"]
[Result "1-0"]
[WhiteElo "2198"]
[BlackElo "2095"]
[PlyCount "83"]
[EventDate "2016.01.25"]

1. d4 d5 2. c4 c6 3. Nf3 Nf6 4. e3 Bg4 5. Qb3 Qb6 6. Nc3 Qxb3 7. axb3 Bxf3 8.
gxf3 e6 9. c5 Nbd7 10. b4 Be7 11. b5 O-O 12. bxc6 bxc6 13. Bd3 a5 14. f4 Rfb8
15. Ra2 Ne8 16. Bd2 f6 17. Ke2 e5 18. Rha1 exd4 19. exd4 Bd8 20. Nd1 Bc7 21. h4
Nf8 22. f5 g6 23. Bxa5 Bf4 24. Bd2 Rxa2 25. Rxa2 Bxd2 26. Kxd2 gxf5 27. Bxf5
Ng7 28. Ne3 Rb3 29. Bc2 Rb7 30. Kc3 Nge6 31. Nf5 Nf4 32. Ba4 Rc7 33. Bxc6 Kf7
34. Bb5 Ke6 35. Ne3 Kf7 36. b4 h5 37. Be2 N8g6 38. b5 Rb7 39. b6 Nxe2+ 40. Rxe2
Nxh4 41. Nxd5 Nf5 42. c6 1-0

[Event "January Lviv Tradition (IM-group)"]
[Site "Lviv"]
[Date "2016.01.25"]
[Round "1.3"]
[White "Bunyatov, Rustam"]
[Black "Frolov, Artur"]
[Result "1/2-1/2"]
[WhiteElo "2198"]
[BlackElo "2499"]
[PlyCount "63"]
[EventDate "2016.01.25"]

1. c4 Nf6 2. Nc3 g6 3. g3 Bg7 4. Bg2 O-O 5. e3 e5 6. Nge2 Nc6 7. d3 d6 8. O-O
Bd7 9. Rb1 Qc8 10. Re1 Bh3 11. Bh1 Qf5 12. Nd5 Nxd5 13. cxd5 Ne7 14. Qb3 Rab8
15. Bd2 c6 16. Be4 Qd7 17. dxc6 bxc6 18. Qa3 f5 19. Bh1 g5 20. f4 gxf4 21. exf4
Ng6 22. Qa4 d5 23. fxe5 Bxe5 24. Nf4 Bxf4 25. Bxf4 Nxf4 26. Qxf4 Qg7 27. b3
Rbe8 28. Bg2 Bxg2 29. Kxg2 Qg4 30. Qxg4+ fxg4 31. Rxe8 Rxe8 32. Kf2 $11 1/2-1/2

[Event "January Lviv Tradition (IM-group)"]
[Site "Lviv"]
[Date "2016.01.25"]
[Round "1.4"]
[White "Nester, Ihor"]
[Black "Shkuran, Daniil"]
[Result "1/2-1/2"]
[WhiteElo "2303"]
[BlackElo "2426"]
[PlyCount "60"]
[EventDate "2016.01.25"]

1. Nf3 d5 2. d4 Nf6 3. c4 c6 4. Qc2 e6 5. g3 Be7 6. Bg2 O-O 7. O-O b6 8. Nbd2
Ba6 9. b3 Nbd7 10. e4 dxe4 11. Nxe4 Nxe4 12. Qxe4 Rc8 13. Rd1 Qc7 14. Bf4 Bd6
15. Bxd6 Qxd6 16. Ne5 Bb7 17. Nxd7 Qxd7 18. Qc2 Qc7 19. Rac1 Rfd8 20. Qe2 Rd7
21. d5 Rd6 22. dxc6 Bxc6 23. Rxd6 Qxd6 24. Rd1 Qc7 25. Bxc6 Qxc6 26. Qd3 Qc7
27. Qd6 g6 28. Qd4 Qe7 29. h4 h5 30. Qd7 Rc7 $11 1/2-1/2

[Event "January Lviv Tradition (IM-group)"]
[Site "Lviv"]
[Date "2016.01.25"]
[Round "1.5"]
[White "Krykun, Yuriy"]
[Black "Pugachov, Ilia"]
[Result "1/2-1/2"]
[WhiteElo "2326"]
[BlackElo "2114"]
[PlyCount "121"]
[EventDate "2016.01.25"]

1. d4 Nf6 2. c4 c5 3. d5 e6 4. g3 exd5 5. cxd5 d6 6. Bg2 g6 7. Nc3 Bg7 8. Nf3
O-O 9. O-O Re8 10. Nd2 Nbd7 11. a4 Ne5 12. h3 Nh5 13. Nde4 h6 14. f4 Nc4 15.
Qd3 Na5 16. g4 c4 17. Qf3 Nb3 18. Rb1 Nf6 19. Ng3 Bxg4 20. Qf2 Bc8 21. e4 Nd7
22. e5 Nxc1 23. Rbxc1 dxe5 24. f5 Qb6 25. Qxb6 axb6 26. Nb5 Rxa4 27. Nd6 Rd8
28. fxg6 fxg6 29. Be4 Nc5 30. Nxc8 Rxc8 31. Bxg6 e4 32. Nf5 Rf8 33. Rc2 Ra2 34.
Rg2 Rxf5 35. Bxf5 Rxb2 36. d6 Rxg2+ 37. Kxg2 Be5 38. Rd1 Bxd6 39. Rxd6 c3 40.
Rd1 b5 41. Kf2 c2 42. Rg1+ Kf7 43. Ke3 Nd3 44. Bxe4 c1=Q+ 45. Rxc1 Nxc1 46.
Bd5+ Kf6 47. Kd2 Ke5 48. Bg8 h5 49. Kxc1 b4 50. Kb2 b5 51. Kb3 h4 52. Kxb4 Kf6
53. Kc5 b4 54. Bb3 Ke5 55. Bd1 b3 56. Bxb3 Kf6 57. Kd6 Kg7 58. Ke7 Kh8 59. Kf8
Kh7 60. Bc2+ Kh8 61. Be4 $11 1/2-1/2

[Event "January Lviv Tradition (IM-group)"]
[Site "Lviv"]
[Date "2016.01.25"]
[Round "1.6"]
[White "Sabuk, Piotr"]
[Black "Goluch, Piotr"]
[Result "1/2-1/2"]
[WhiteElo "2416"]
[BlackElo "2308"]
[PlyCount "36"]
[EventDate "2016.01.25"]

1. d4 Nf6 2. Nf3 g6 3. c4 Bg7 4. Nc3 O-O 5. e4 d6 6. Be2 e5 7. O-O exd4 8. Nxd4
Re8 9. f3 Nc6 10. Be3 Nh5 11. Qd2 Nf4 12. Bxf4 Bxd4+ 13. Kh1 Be6 14. Rac1 Be5
15. Bg5 Bf6 16. Bf4 Be5 17. Bg5 Bf6 18. Bf4 Be5 $11 1/2-1/2

[Event "January Lviv Tradition (IM-group)"]
[Site "Lviv"]
[Date "2016.01.26"]
[Round "2.2"]
[White "Pugachov, Ilia"]
[Black "Sabuk, Piotr"]
[Result "0-1"]
[WhiteElo "2114"]
[BlackElo "2416"]
[PlyCount "128"]
[EventDate "2016.01.25"]

1. Nf3 Nf6 2. g3 b5 3. Bg2 Bb7 4. O-O g6 5. d3 Bg7 6. e4 d6 7. a4 b4 8. Nbd2
O-O 9. Nc4 e5 10. Ne1 d5 11. exd5 Nxd5 12. Nf3 Nc6 13. Re1 Re8 14. Nfd2 Nd4 15.
Nf3 Nxf3+ 16. Qxf3 Rb8 17. Qd1 Qd7 18. Bd2 Ba6 19. Na5 c5 20. Qf3 Nb6 21. Qc6
Qe7 22. Qf3 Qd7 23. Qc6 Qe7 24. Qf3 Rbc8 25. b3 Qc7 26. Ra2 Qd6 27. Be3 Re7 28.
Qd1 Nd5 29. Bd2 e4 30. dxe4 Nc3 31. Bxc3 Qxd1 32. Rxd1 Bxc3 33. Rd6 Re6 34. Rd7
f5 35. Rxa7 Rd8 36. h4 fxe4 37. Bxe4 Rd1+ 38. Kh2 Be2 39. Bg2 Rf6 40. f4 h5 41.
Re7 Ba6 42. Nc4 Kf8 43. Re2 Rf7 44. a5 Re7 45. Rxe7 Kxe7 46. Ne5 Rd2 47. Nf3
Rd1 48. Ne5 Kf6 49. Nc4 Re1 50. Nd6 Bd4 51. Ne4+ Kf5 52. Ng5 Re2 53. Kh1 Re1+
54. Kh2 Re2 55. Kh1 c4 56. Nf3 Bc3 57. bxc4 b3 58. Ra3 b2 59. Rb3 Rxc2 60. Bh3+
Ke4 61. Bg2 Ke3 62. Kh2 Bxc4 63. Rb7 Bd5 64. Re7+ Kd3 0-1

[Event "January Lviv Tradition (IM-group)"]
[Site "Lviv"]
[Date "2016.01.26"]
[Round "2.3"]
[White "Shkuran, Daniil"]
[Black "Krykun, Yuriy"]
[Result "1-0"]
[WhiteElo "2426"]
[BlackElo "2326"]
[PlyCount "161"]
[EventDate "2016.01.25"]

1. Nf3 c5 2. g3 g6 3. Bg2 Bg7 4. O-O Nc6 5. e4 d6 6. c3 e5 7. d3 Nge7 8. Be3
O-O 9. h3 b6 10. d4 exd4 11. cxd4 d5 12. e5 cxd4 13. Bf4 Bf5 14. Nbd2 Qd7 15.
g4 Be4 16. Re1 f6 17. e6 Qxe6 18. Nxe4 dxe4 19. Nxd4 Qf7 20. Nxc6 Nxc6 21. Bxe4
Rad8 22. Qa4 Nd4 $11 23. Rac1 Ne6 24. Bg2 Rd4 25. Rc4 f5 26. Rxd4 Nxd4 27. g5
Rd8 28. Kh1 Ne6 $11 29. Bc1 Nc5 30. Qa3 f4 31. Kg1 Bd4 32. Bf1 Qf5 33. Qf3
Qxg5+ 34. Kh2 Qf6 35. b4 Bc3 36. Bc4+ Kh8 37. Re2 Nd7 38. Re6 Qg7 39. Bxf4 Be5
40. Qg3 Bxf4 41. Qxf4 Rf8 42. Qe3 Nb8 43. b5 Qc7+ 44. Kg2 Qxc4 45. Qe5+ Kg8 46.
Re7 Rf7 47. Re8+ Rf8 48. Rxf8+ Kxf8 49. Qxb8+ Kg7 50. Qxa7+ Kh6 51. Qxb6 Qd5+
52. Kg1 Qg5+ 53. Kf1 Qc1+ 54. Ke2 Qc4+ 55. Ke3 Qxa2 56. Ke4 Qc2+ 57. Kd5 Qf5+
58. Kc6 Qf6+ 59. Kb7 Qf7+ 60. Ka6 Qa2+ 61. Qa5 Qe2 62. f4 Qc4 63. Qd2 Qc8+ 64.
Ka5 Qa8+ 65. Kb4 Qe4+ 66. Kc5 Qf5+ 67. Qd5 Qc8+ 68. Kd4 Qxh3 69. b6 Qf1 70.
Qg5+ Kg7 71. Qe5+ Kh6 72. Kc5 Qf2+ 73. Kc6 Qc2+ 74. Kb7 Qc4 75. Qg5+ Kg7 76.
Qe7+ Kh6 77. Qf8+ Kh5 78. Kb8 g5 79. fxg5 Kxg5 80. Qg7+ Kf4 81. Qc7+ 1-0

[Event "January Lviv Tradition (IM-group)"]
[Site "Lviv"]
[Date "2016.01.26"]
[Round "2.4"]
[White "Frolov, Artur"]
[Black "Nester, Ihor"]
[Result "1-0"]
[WhiteElo "2499"]
[BlackElo "2303"]
[PlyCount "109"]
[EventDate "2016.01.25"]

1. e4 d6 2. d4 Nf6 3. Nc3 e5 4. dxe5 dxe5 5. Qxd8+ Kxd8 6. Bc4 Ke8 7. Nf3 Bd6
8. Bg5 Nbd7 9. O-O-O a6 10. Rhe1 b5 11. Bb3 h6 12. Bh4 Bb7 13. Re2 g5 14. Bg3
Ke7 15. Nd5+ Nxd5 16. Bxd5 Bxd5 17. exd5 f6 18. Nd4 Kf7 19. Nc6 a5 20. f3 Nb8
21. Nxb8 Rhxb8 22. Be1 h5 23. h3 b4 24. c4 bxc3 25. Bxc3 Bb4 26. Rc2 Bd6 27.
Be1 a4 28. Rc4 Rb5 29. Kc2 Rc5 30. Rxc5 Bxc5 31. Kd3 Bd4 32. Rc1 Ra7 33. Rc2
Rb7 34. Ba5 Rb5 35. Rxc7+ Kg6 36. Bc3 Rxd5 37. Rc4 Bxc3+ 38. Kxc3 Ra5 39. Kb4
Rd5 40. Kxa4 Rd2 41. Kb3 Rxg2 42. a4 Rg3 43. a5 Rxf3+ 44. Rc3 Rf1 45. Ka4 Rd1
46. b4 g4 47. a6 Kf5 48. a7 Rd8 49. b5 Kf4 50. b6 Ra8 51. Kb5 g3 52. b7 g2 53.
bxa8=Q g1=Q 54. Rf3+ Kg5 55. Qg8+ 1-0

[Event "January Lviv Tradition (IM-group)"]
[Site "Lviv"]
[Date "2016.01.26"]
[Round "2.5"]
[White "Vasina, Olena"]
[Black "Bunyatov, Rustam"]
[Result "1/2-1/2"]
[WhiteElo "2095"]
[BlackElo "2198"]
[PlyCount "211"]
[EventDate "2016.01.25"]

1. c4 c5 2. Nc3 g6 3. g3 Bg7 4. Bg2 Nc6 5. d3 d6 6. e3 Bf5 7. e4 Bd7 8. Nge2 a6
9. O-O e6 10. Be3 Nd4 11. Rb1 Ne7 12. b4 Rb8 13. Qd2 Nec6 14. b5 Nxe2+ 15. Nxe2
Nd4 16. Bxd4 cxd4 17. Qb4 axb5 18. cxb5 Qb6 19. a4 Ra8 20. Rfc1 O-O 21. Rc4 e5
22. Rbc1 Rfc8 23. h4 Bf8 24. Rxc8 Rxc8 25. Rxc8 Bxc8 26. Kh2 Qc7 27. Qd2 Be6
28. Bh3 Bb3 29. a5 Qc5 30. b6 Ba4 31. Qa2 Bb5 32. Qb3 Bh6 33. f4 exf4 34. Nxf4
Bxf4 35. gxf4 Ba6 36. f5 Qxa5 37. h5 Qd2+ 38. Bg2 Qf4+ 39. Kh3 gxf5 40. Qd5
Qg4+ 41. Kh2 Qxh5+ 42. Kg1 Qd1+ 43. Kh2 Qxd3 44. Qxf5 Qe3 45. Qg4+ Kf8 46. Qc8+
Kg7 47. Qg4+ Kf6 48. Qh4+ Kg6 49. Bh3 Qd2+ 50. Kh1 Qc1+ 51. Kh2 Qd2+ 52. Kh1
Qd1+ 53. Kh2 Qd2+ 54. Kh1 Qg5 55. Bf5+ Kf6 56. Qf2 d3 57. Bg4+ Kg7 58. Bd1 d2
59. Qd4+ Qe5 60. Qxd2 Qxe4+ 61. Kg1 Qg6+ 62. Kf2 d5 63. Qe3 d4 64. Qb3 Qe6 65.
Qg3+ Kf8 66. Qb8+ Ke7 67. Qc7+ Kf6 68. Qd8+ Kg7 69. Qg5+ Qg6 70. Qc5 d3 71. Bf3
Qf6 72. Qb4 Qf5 73. Qd4+ Qf6 74. Qg4+ Qg6 75. Qd4+ Qf6 76. Qg4+ Kf8 77. Qc8+
Ke7 78. Qc7+ Ke6 79. Qc8+ Ke5 80. Qc5+ Ke6 81. Qc8+ Ke7 82. Qc7+ Kf8 83. Qc8+
Kg7 84. Qg4+ Kh6 85. Qh5+ Kg7 86. Qg4+ Kf8 87. Qc8+ Ke7 88. Qc7+ Ke8 89. Qb8+
Ke7 90. Qc7+ Ke6 91. Qc8+ Ke5 92. Qc5+ Ke6 93. Qc8+ Ke7 94. Qc7+ Kf8 95. Qc8+
Kg7 96. Qg4+ Qg6 97. Qd4+ f6 98. Qd7+ Qf7 99. Qg4+ Kf8 100. Qc8+ Qe8 101. Qc5+
Kg7 102. Qc7+ Qf7 103. Qg3+ Kf8 104. Qb8+ Qe8 105. Qd6+ Kg7 106. Qc7+ 1/2-1/2

[Event "January Lviv Tradition (IM-group)"]
[Site "Lviv"]
[Date "2016.01.26"]
[Round "2.6"]
[White "Kiolbasa, Oliwia"]
[Black "Szostko, Jakub"]
[Result "1/2-1/2"]
[WhiteElo "2236"]
[BlackElo "2198"]
[PlyCount "83"]
[EventDate "2016.01.25"]

1. e4 c6 2. d4 d5 3. Nc3 dxe4 4. Nxe4 Bf5 5. Ng3 Bg6 6. Nh3 e6 7. Nf4 Qc7 8.
Bc4 Nf6 9. O-O Bd6 10. Nxg6 hxg6 11. Qf3 Nbd7 12. Re1 O-O 13. Bf1 e5 14. dxe5
Nxe5 15. Qb3 Rfe8 16. Bg5 Qb6 17. Qxb6 axb6 18. Rad1 Bf8 19. Bxf6 gxf6 20. Ne4
Kg7 21. f4 Ng4 22. h3 Rxe4 23. Rxe4 Bc5+ 24. Red4 Ne3 25. b4 Bxd4 26. Rxd4 Rxa2
27. Bd3 Nxc2 28. Rd7 b5 29. Rxb7 Nxb4 30. Bc4 Ra1+ 31. Kh2 bxc4 32. Rxb4 Rc1
33. Rb6 c3 34. Rxc6 c2 35. g4 g5 36. f5 Kf8 37. Kg2 Ke7 38. Rc7+ Kd6 39. Rc8
Kd5 40. Rd8+ Ke4 41. Re8+ Kf4 42. Rc8 $11 1/2-1/2

[Event "January Lviv Tradition (IM-group)"]
[Site "Lviv"]
[Date "2016.01.26"]
[Round "3.1"]
[White "Szostko, Jakub"]
[Black "Bondarets, Vadim"]
[Result "1-0"]
[WhiteElo "2198"]
[BlackElo "2299"]
[PlyCount "45"]
[EventDate "2016.01.25"]

1. e4 e6 2. d4 d5 3. Nc3 Nf6 4. e5 Nfd7 5. f4 b6 6. Nf3 Ba6 7. Bxa6 Nxa6 8. Qe2
Qc8 9. f5 c5 10. fxe6 fxe6 11. O-O cxd4 12. Nxd4 Bc5 13. Ncb5 Nf8 14. c3 Qd7
15. b4 Be7 16. Bg5 Bxg5 17. Qh5+ Ng6 18. Qxg5 Qd8 19. Qg4 Nc7 20. Nxe6 Nxb5 21.
Nxd8 Kxd8 22. Qe6 Ne7 23. Rf7 1-0

[Event "January Lviv Tradition (IM-group)"]
[Site "Lviv"]
[Date "2016.01.26"]
[Round "3.2"]
[White "Bunyatov, Rustam"]
[Black "Kiolbasa, Oliwia"]
[Result "0-1"]
[WhiteElo "2198"]
[BlackElo "2236"]
[PlyCount "112"]
[EventDate "2016.01.25"]

1. c4 c5 2. Nc3 Nc6 3. g3 g6 4. Bg2 Bg7 5. d3 d6 6. e3 e5 7. Nge2 Nge7 8. O-O
O-O 9. Rb1 Rb8 10. a3 a5 11. Nd5 b5 12. cxb5 Rxb5 13. Nec3 Rb8 14. Bd2 Ba6 15.
Nxe7+ Nxe7 16. Nd5 Nxd5 17. Bxd5 a4 18. Bc3 Qd7 19. Re1 Rfe8 20. Rc1 Bb7 21.
Bxb7 Rxb7 22. e4 Rd8 23. Qf3 h5 24. Rcd1 Bh6 25. Kg2 Qe6 26. Qe2 Bg7 27. Qc2
Qd7 28. Qe2 Rf8 29. Rf1 f5 30. exf5 Rxf5 31. h4 d5 32. Rc1 Qb5 33. Rc2 Rbf7 34.
f3 Kh7 35. Rf2 Rf8 36. Bd2 Re8 37. Be3 Bf8 38. Bg5 Rf7 39. Rd2 Bd6 40. Qd1 Ref8
41. Qh1 Qb7 42. Qh3 Bc7 43. Rde2 Qa6 44. Rd2 Ba5 45. Rd1 e4 46. dxe4 dxe4 47.
Rd7 exf3+ 48. Kh2 Qc6 49. Rxf7+ Rxf7 50. Qf1 Qe4 51. Bf4 Rxf4 52. gxf4 Qxf4+
53. Kh1 Qxh4+ 54. Rh2 Qe4 55. Qf2 Be1 56. Qf1 Bg3 0-1

[Event "January Lviv Tradition (IM-group)"]
[Site "Lviv"]
[Date "2016.01.26"]
[Round "3.3"]
[White "Nester, Ihor"]
[Black "Vasina, Olena"]
[Result "1-0"]
[WhiteElo "2303"]
[BlackElo "2095"]
[PlyCount "61"]
[EventDate "2016.01.25"]

1. Nf3 Nf6 2. c4 e6 3. g3 b6 4. Bg2 Bb7 5. O-O Be7 6. Re1 O-O 7. Nc3 Ne4 8. Qc2
Nxc3 9. bxc3 c5 10. Ng5 Bxg5 11. Bxb7 Nc6 12. Bxa8 Qxa8 13. Qe4 f5 14. Qg2 Qd8
15. d3 Bf6 16. Bd2 d5 17. Rac1 Ne7 18. cxd5 Nxd5 19. c4 Ne7 20. Bc3 e5 21. Qb7
Rf7 22. Qxa7 h5 23. Qb7 h4 24. Rb1 hxg3 25. hxg3 Nc8 26. Qd5 Qe8 27. a4 f4 28.
a5 fxg3 29. fxg3 bxa5 30. Rb8 Bg5 31. Rf1 1-0

[Event "January Lviv Tradition (IM-group)"]
[Site "Lviv"]
[Date "2016.01.26"]
[Round "3.4"]
[White "Krykun, Yuriy"]
[Black "Frolov, Artur"]
[Result "0-1"]
[WhiteElo "2326"]
[BlackElo "2499"]
[PlyCount "98"]
[EventDate "2016.01.25"]

1. Nf3 Nf6 2. c4 g6 3. g3 Bg7 4. Bg2 O-O 5. O-O c6 6. d4 d5 7. Qa4 Ne4 8. Rd1
Nd7 9. cxd5 cxd5 10. Qb3 e6 11. Bf4 g5 12. Bc1 f5 13. Nc3 g4 14. Ne5 Nxe5 15.
dxe5 Qb6 16. Qxb6 axb6 17. Bf4 Nxc3 18. bxc3 b5 19. f3 gxf3 20. exf3 Bd7 21.
Rd2 Rfc8 22. Rc1 b4 23. c4 Bb5 24. c5 Bc4 25. Rb1 Ra4 26. Rdb2 Bf8 27. Be3 Ra3
28. Bf2 Bxa2 29. Rc1 b3 30. Kf1 Ra5 31. Ke2 Bxc5 32. Rxc5 Raxc5 33. Bxc5 Rxc5
34. Kd2 b5 35. Bf1 b4 36. Bd3 d4 37. f4 Rc3 38. h3 h5 39. Ke2 Kg7 40. Rd2 Kh6
41. h4 Rc1 42. Rb2 Rh1 43. Kf3 Re1 44. Kf2 Re3 45. Be2 Rc3 46. Bd1 d3 47. Ke3
Rc2 48. Bxc2 bxc2 49. Kd2 b3 0-1

[Event "January Lviv Tradition (IM-group)"]
[Site "Lviv"]
[Date "2016.01.26"]
[Round "3.5"]
[White "Sabuk, Piotr"]
[Black "Shkuran, Daniil"]
[Result "1-0"]
[WhiteElo "2416"]
[BlackElo "2426"]
[PlyCount "43"]
[EventDate "2016.01.25"]

1. d4 d5 2. c4 c6 3. Nf3 Nf6 4. Nc3 e6 5. g3 Be7 6. Bg2 O-O 7. O-O b6 8. Ne5
Bb7 9. e4 dxe4 10. Nxe4 Nxe4 11. Bxe4 f6 12. Qh5 f5 13. Bg2 Qxd4 14. Bf4 Qxb2
15. Rad1 Bf6 16. Rfe1 Qxa2 17. g4 Na6 18. g5 Bxe5 19. Bxe5 Rf7 20. Rd3 Re7 21.
Red1 Rae8 22. Rd8 1-0

[Event "January Lviv Tradition (IM-group)"]
[Site "Lviv"]
[Date "2016.01.26"]
[Round "3.6"]
[White "Goluch, Piotr"]
[Black "Pugachov, Ilia"]
[Result "1-0"]
[WhiteElo "2308"]
[BlackElo "2114"]
[PlyCount "49"]
[EventDate "2016.01.25"]

1. Nf3 Nf6 2. c4 g6 3. d4 c5 4. Nc3 cxd4 5. Nxd4 Nc6 6. g3 Bg7 7. Bg2 O-O 8.
O-O a6 9. h3 Qc7 10. Nc2 d6 11. Be3 Ne5 12. b3 Rb8 13. Ba7 Ra8 14. Bd4 Nc6 15.
Bxf6 exf6 16. Nd5 Qd8 17. Qd2 Re8 18. Rad1 f5 19. e3 Rb8 20. Ndb4 Nxb4 21. Qxb4
Bf8 22. Rd3 Qc7 23. Qd2 Bd7 24. Nb4 Bc6 25. Bxc6 1-0

[Event "January Lviv Tradition (IM-group)"]
[Site "Lviv"]
[Date "2016.01.27"]
[Round "4.1"]
[White "Bondarets, Vadim"]
[Black "Pugachov, Ilia"]
[Result "0-1"]
[WhiteElo "2299"]
[BlackElo "2114"]
[PlyCount "52"]
[EventDate "2016.01.25"]

1. Nf3 d5 2. g3 Nf6 3. Bg2 e6 4. O-O Be7 5. b3 c5 6. Bb2 Nc6 7. d4 O-O 8. Nbd2
cxd4 9. Nxd4 Bc5 10. Nxc6 bxc6 11. c4 Qb6 12. Bxf6 gxf6 13. e4 d4 14. Qg4+ Kh8
15. Qh5 e5 16. f4 d3+ 17. Kh1 Bd4 18. Rad1 Rg8 19. Qxf7 exf4 20. e5 Bxe5 21.
gxf4 Bd4 22. Nf3 Bf5 23. Nxd4 Qxd4 24. Rfe1 Rxg2 25. Re5 Rxh2+ 26. Kxh2 Qxf4+
0-1

[Event "January Lviv Tradition (IM-group)"]
[Site "Lviv"]
[Date "2016.01.27"]
[Round "4.2"]
[White "Shkuran, Daniil"]
[Black "Goluch, Piotr"]
[Result "1/2-1/2"]
[WhiteElo "2426"]
[BlackElo "2308"]
[PlyCount "60"]
[EventDate "2016.01.25"]

1. e4 c6 2. d4 d5 3. exd5 cxd5 4. c4 Nf6 5. Nc3 Nc6 6. Nf3 Bg4 7. cxd5 Nxd5 8.
Qb3 Bxf3 9. gxf3 e6 10. Qxb7 Nxd4 11. Bb5+ Nxb5 12. Qxb5+ Qd7 13. Qxd7+ Kxd7
14. Nxd5 exd5 15. Be3 Bb4+ 16. Ke2 Rhc8 17. Rac1 a6 18. Kd3 Be7 19. Rhg1 Rxc1
20. Rxc1 Rb8 21. Bd4 g6 22. Be5 Bd6 23. Bc3 h5 24. h3 Bc5 25. Rc2 Bb4 26. Bd4
Bd6 27. Rc1 Rb7 28. b3 Rb4 29. Rb1 Rb7 30. Rc1 Rb5 $11 1/2-1/2

[Event "January Lviv Tradition (IM-group)"]
[Site "Lviv"]
[Date "2016.01.27"]
[Round "4.3"]
[White "Frolov, Artur"]
[Black "Sabuk, Piotr"]
[Result "1/2-1/2"]
[WhiteElo "2499"]
[BlackElo "2416"]
[PlyCount "97"]
[EventDate "2016.01.25"]

1. e4 e5 2. Nf3 Nc6 3. Bb5 a6 4. Ba4 Nf6 5. O-O Be7 6. Re1 b5 7. Bb3 d6 8. c3
O-O 9. h3 Bb7 10. d4 Re8 11. Ng5 Rf8 12. Nf3 Re8 13. Nbd2 Bf8 14. a3 h6 15. Bc2
Nb8 16. b3 Nbd7 17. Bb2 g6 18. a4 Bg7 19. d5 c6 20. c4 Qc7 21. Bd3 bxa4 22.
bxa4 Nc5 23. Bf1 a5 24. Qc2 Ba6 25. g4 h5 26. g5 Nfd7 27. Bc3 Rec8 28. Rec1 Bf8
29. Ra3 Be7 30. h4 Bd8 31. Bh3 Qa7 32. Kg2 Bb6 33. Ng1 cxd5 34. exd5 Re8 35.
Ba1 Re7 36. Ne2 Rae8 37. Ng3 e4 38. Bxd7 Qxd7 39. Qb2 Re5 40. Qxb6 e3 41. Nf3
Bc8 42. Rh1 Rf5 43. Qb2 f6 44. Nxf5 Qxf5 45. Qe2 Qg4+ 46. Kf1 Ba6 47. Nd4 Bxc4
48. Qxc4 Qd1+ 49. Kg2 $11 1/2-1/2

[Event "January Lviv Tradition (IM-group)"]
[Site "Lviv"]
[Date "2016.01.27"]
[Round "4.4"]
[White "Vasina, Olena"]
[Black "Krykun, Yuriy"]
[Result "1-0"]
[WhiteElo "2095"]
[BlackElo "2326"]
[PlyCount "157"]
[EventDate "2016.01.25"]

1. c4 c5 2. Nc3 e6 3. Nf3 d5 4. cxd5 exd5 5. d4 Nc6 6. g3 Nf6 7. Bg2 Be7 8. O-O
O-O 9. Bg5 c4 10. Ne5 Be6 11. Nxc6 bxc6 12. b3 cxb3 13. axb3 h6 14. Bxf6 Bxf6
15. Na4 Re8 16. e3 Rb8 17. Nc5 a5 18. Qd2 Rb4 19. Qa2 Be7 20. Nd3 Rb5 21. Rfc1
Qb6 22. Ne5 Rc8 23. Bf1 Rb4 24. Qxa5 c5 25. Qxb6 Rxb6 26. Ra7 Bd6 27. Nd7 Rxb3
28. Nxc5 Rb6 29. Ba6 Rcc6 30. Bd3 Rb8 31. Kg2 Rbc8 32. Ra5 g6 33. Rc2 Kg7 34.
Nxe6+ fxe6 35. Ra7+ R6c7 36. Rcxc7+ Rxc7 37. Ra6 Rd7 38. Bb5 Rd8 39. Ra7+ Kf6
40. g4 h5 41. h3 hxg4 42. hxg4 Rh8 43. Ra6 Ke7 44. f4 Rb8 45. Bd3 Rb3 46. Ra7+
Kf8 47. Bxg6 Rxe3 48. Rd7 Bb4 49. f5 exf5 50. Bxf5 Bc3 51. Rxd5 Kg7 52. g5 Re7
53. Kf3 Ra7 54. Ke4 Re7+ 55. Kd3 Bb2 56. Rc5 Ba3 57. Rc6 Bb4 58. Rh6 Kg8 59.
Be6+ Kg7 60. d5 Ra7 61. Bf5 Ra5 62. Ke4 Kf8 63. Rc6 Ra1 64. Ke5 Re1+ 65. Kf6
Be7+ 66. Kg6 Ke8 67. Rc8+ Bd8 68. d6 Re5 69. d7+ Ke7 70. Rc4 Kd6 71. Rc8 Ke7
72. Rc6 Ra5 73. Rf6 Rd5 74. Kg7 Ba5 75. Rf7+ Kd8 76. Rf8+ Kc7 77. Rc8+ Kb7 78.
Be4 Bc3+ 79. Rxc3 1-0

[Event "January Lviv Tradition (IM-group)"]
[Site "Lviv"]
[Date "2016.01.27"]
[Round "4.5"]
[White "Kiolbasa, Oliwia"]
[Black "Nester, Ihor"]
[Result "1/2-1/2"]
[WhiteElo "2236"]
[BlackElo "2303"]
[PlyCount "64"]
[EventDate "2016.01.25"]

1. e4 d6 2. d4 Nf6 3. Nc3 e5 4. Nf3 Nbd7 5. Bc4 Be7 6. O-O O-O 7. Re1 c6 8. a4
a5 9. h3 Nb6 10. Bb3 Nfd7 11. Be3 exd4 12. Nxd4 Nc5 13. Qf3 Nxb3 14. cxb3 Be6
15. Rad1 Nd7 16. Qg3 Kh8 17. Bf4 Nc5 18. Nf5 Bxf5 19. exf5 Bh4 20. Qh2 Re8 21.
Be3 Nxb3 22. Rxd6 Qe7 23. Red1 Rad8 24. Rxd8 Rxd8 25. Rxd8+ Qxd8 26. Qf4 Bf6
27. Qc4 Bxc3 28. bxc3 Qd1+ 29. Kh2 Nd2 30. Bxd2 Qxd2 31. Qxf7 Qf4+ 32. Kg1 Qc1+
1/2-1/2

[Event "January Lviv Tradition (IM-group)"]
[Site "Lviv"]
[Date "2016.01.27"]
[Round "4.6"]
[White "Szostko, Jakub"]
[Black "Bunyatov, Rustam"]
[Result "0-1"]
[WhiteElo "2198"]
[BlackElo "2198"]
[PlyCount "76"]
[EventDate "2016.01.25"]

1. d4 Nf6 2. c4 g6 3. Nc3 Bg7 4. e4 O-O 5. Nf3 c6 6. e5 Ne8 7. Be2 d6 8. Bf4
Bg4 9. O-O Nd7 10. Re1 Bxf3 11. Bxf3 dxe5 12. Bxe5 Bxe5 13. dxe5 Ng7 14. Qe2
Qc7 15. Bg4 Nc5 16. b4 Nce6 17. Rad1 Rfd8 18. Qe3 a5 19. b5 Rxd1 20. Rxd1 Rd8
21. b6 Rxd1+ 22. Nxd1 Qd8 23. Nc3 Nd4 24. c5 h5 25. Bh3 Ndf5 26. Bxf5 Nxf5 27.
Qe1 Qd4 28. e6 f6 29. Ne4 Qd5 30. f3 Qxa2 31. Nd6 a4 32. Nxb7 a3 33. Na5 Qb2
34. b7 a2 35. Nxc6 Qxb7 36. Nb4 Qxb4 37. Qxb4 a1=Q+ 38. Kf2 Qd4+ 0-1

[Event "January Lviv Tradition (IM-group)"]
[Site "Lviv"]
[Date "2016.01.27"]
[Round "5.1"]
[White "Bunyatov, Rustam"]
[Black "Bondarets, Vadim"]
[Result "1/2-1/2"]
[WhiteElo "2198"]
[BlackElo "2299"]
[PlyCount "69"]
[EventDate "2016.01.25"]

1. c4 c5 2. Nc3 Nf6 3. g3 d5 4. cxd5 Nxd5 5. Bg2 Nc7 6. d3 e5 7. f4 Nd7 8. Nf3
exf4 9. Bxf4 Ne6 10. Be3 Be7 11. O-O O-O 12. a4 Nf6 13. Kh1 Nd4 14. Nb5 Nxf3
15. Bxf3 Bh3 16. Re1 Qd7 17. Nc3 Rae8 18. Qb3 b6 19. a5 Ng4 20. Bg1 Ne5 21. Bd5
Rb8 22. axb6 axb6 23. Qa4 Qf5 24. Be4 Qg4 25. Nd5 Bg5 26. Be3 f5 27. Bg2 Bxg2+
28. Kxg2 Bxe3 29. Nxe3 Qh5 30. Nd5 Kh8 31. Qf4 Qe8 32. Kg1 Ng6 33. Qe3 Qb5 34.
Rab1 Qc6 35. Nf4 $11 1/2-1/2

[Event "January Lviv Tradition (IM-group)"]
[Site "Lviv"]
[Date "2016.01.27"]
[Round "5.2"]
[White "Nester, Ihor"]
[Black "Szostko, Jakub"]
[Result "1/2-1/2"]
[WhiteElo "2303"]
[BlackElo "2198"]
[PlyCount "86"]
[EventDate "2016.01.25"]

1. Nf3 d5 2. d4 Nf6 3. c4 e6 4. g3 dxc4 5. Bg2 c5 6. O-O Nc6 7. Ne5 Bd7 8. Na3
cxd4 9. Naxc4 Rc8 10. Qb3 Nxe5 11. Nxe5 Bc6 12. Rd1 Bxg2 13. Kxg2 Qd5+ 14. Qxd5
Nxd5 15. Rxd4 Be7 16. Bd2 O-O 17. Rc4 Rxc4 18. Nxc4 Rc8 19. Rc1 b5 20. Ne5 Rxc1
21. Bxc1 Kf8 22. a3 a5 23. Kf3 Ke8 24. Ke4 Bc5 25. f4 Ne7 26. Be3 Bxe3 27. Kxe3
f6 28. Nf3 Kd7 29. Kd3 Nc6 30. Nd4 Nxd4 31. Kxd4 Kd6 32. b3 e5+ 33. fxe5+ fxe5+
34. Ke4 g6 35. g4 Ke6 36. g5 Kd6 37. a4 bxa4 38. bxa4 Ke6 39. e3 Kd6 40. Kd3
Kc5 41. Kc3 e4 42. Kb3 Kd5 43. Kc3 Kc5 $11 1/2-1/2